Histology and cell biology : an introduction to pathology e-book 5th edition, Kindle edition

Bibliographic Details
Main Author: Kierszenbaum, Abraham L. (Author)
Other Authors: Tres, Laura L. (Editor)
Format: Book
Language:English
Edition:Fifth edition
Subjects:

MARC

LEADER 00000cam a2200000 7i4500
001 0000099037
005 20230126093000.0
008 190423s2019 mou eng
020 |a 9780323673211 
040 |a UniSZA   |e rda 
050 0 0 |a QS18.2   |b .K54 2020 
090 0 0 |a QS18.2   |b .K54 2020 
100 1 |a Kierszenbaum, Abraham L. ,   |e author 
245 0 0 |a Histology and cell biology :   |b an introduction to pathology e-book 5th edition, Kindle edition   |c Kierszembaum, A.L. and Tres, L.L. 
250 |a Fifth edition 
264 0 |a St. Louis, MO :   |b Elsevier Inc   |c 2019 
300 |a xvi,804 pages :   |b Color illustrator ;   |c 28 cm. 
336 |a text  |2 rdacontent 
337 |a unmediated  |2 rdamedia 
338 |a volume  |2 rdacarrier 
500 |a Include index 
505 0 |a 1. BASIC TISSUES : CELL BIOLOGY -- 2. ORGAN SYSTEMS : PROTECTION OF THE BODY -- 3. ORGAN SYSTEMS : BLOOD CIRCULATORY SYSTEM -- 4. ORGAN SYSTEMS : THE ALIMENTARY SYSTEM -- 5. ORGAN SYSTEMS : THE ENDOCRINE SYSTEM -- 6. ORGAN SYSTEMS : THE REPRODUCTIVE SYSTEM 
650 0 |a Cytology   |x Outlines 
650 0 |a Histology   |v Outlines 
700 1 |a Tres, Laura L. ,   |e editor 
999 |a 1000180213   |b Book   |c Open Shelf (1 Day)   |e Tembila Campus